01191nam a2200265Ia 4500003000900000008004100009020001800050040001600068080002100084111013500105245029000240260005800530300002300588650003000611650001600641650003000657650001400687650001000701700003200711700003200743700002800775942000700803999001700810952009800827IN-BaIIA211028s9999 xx 000 0 eng d a0-937707-92-9 cIIA Library a082.2:52bASP-73 aAirborne Astronomy Symposium on the Galactic Ecosystem, From Gas To Stars To DustcMoffett Field, Californiad1994 July 5-8920670 0aAirborne Astronomy Symposium on the galactic ecosystembproceedings of the airborne Astronomy Symposium on the galactic ecosystem, from gas to Stars to dust, held in Moffett Field, California, USA, 5-8 Jul 1994cedited by Michael R. Haas, Jacqueline A. Davidson, and Edwin F. Erickson. aCaliforniabAstronomical Society of the Pacificc1995 a[various pagings.] aAirborne Astronomy920671 aDust910965 aGalactic ecosystem920672 aGas92913 aStars aDavidson, J. A., ed.920673 aErickson, E. F., ed.920674 aHass, M. R., ed.920675 cBK c11898d11898 00104070aBANbBANcGENd1996-10-15l0o082.2:52/ ASP-73p12814r2021-11-05w1996-10-15yBK